000 00419nam a22001817a 4500
003 MPLRDC
005 20220104143708.0
008 210129b ||||| |||| 00| 0 eng d
020 _a9971-0-0758-4
082 _a868.8 YJ-6
100 _a尤今
245 _a南瓜情
_c
250 _a重印
260 _a
_bSNP PUBLISHING PTE LTD
_c1999
300 _b
650 _a新加坡文学
942 _cBK
_o868.8 YJ-6
999 _c42434
_d42424